Utpadakta Vadh (Record no. 93765)

MARC details
000 -LEADER
fixed length control field 00432nam a2200157Ia 4500
008 - FIXED-LENGTH DATA ELEMENTS--GENERAL INFORMATION
fixed length control field 230125s9999 xx 000 0 und d
020 ## - INTERNATIONAL STANDARD BOOK NUMBER
International Standard Book Number 81-7492-117-6
041 ## - LANGUAGE CODE
Language code of text/sound track or separate title eng
082 ## - DEWEY DECIMAL CLASSIFICATION NUMBER
Classification number 658.5
Item number AMB
100 ## - MAIN ENTRY--PERSONAL NAME
Personal name Ambade, V.
9 (RLIN) 116074
245 ## - TITLE STATEMENT
Title Utpadakta Vadh
Remainder of title Tantra Aani Mantra Bhag- 1, 2 & 3
260 ## - PUBLICATION, DISTRIBUTION, ETC. (IMPRINT)
Date of publication, distribution, etc. 2014
Name of publisher, distributor, etc. Madhuraj publications
Place of publication, distribution, etc. Pune
300 ## - PHYSICAL DESCRIPTION
Extent 54p
440 ## - SERIES STATEMENT/ADDED ENTRY--TITLE
Volume/sequential designation 1
700 ## - ADDED ENTRY--PERSONAL NAME
Personal name Ambade, V. & Vasant Ambade, Donor
9 (RLIN) 116075
Holdings
Withdrawn status Lost status Damaged status Not for loan Home library Current library Date acquired Vendor Cost, normal purchase price Full call number Barcode Date last seen Cost, replacement price Bill Date Koha item type Original Barcode
        Smt. Hiraben Nanavati Institute of Management & Research for Women Smt. Hiraben Nanavati Institute of Management & Research for Women 14/09/2015 Donated Book- Outside Donar 40.00 658.5 AMB DB2210 HIMR-DB-2210 25/01/2023 40.00 25/01/2023 Donated Book DB2210
Withdrawn 2022-23       Smt. Hiraben Nanavati Institute of Management & Research for Women Smt. Hiraben Nanavati Institute of Management & Research for Women 14/09/2015 Donated Book- Outside Donar 40.00 658.5 AMB DB2211 HIMR-DB-2211 25/01/2023 40.00 25/01/2023 Donated Book DB2211
Withdrawn 2022-23       Smt. Hiraben Nanavati Institute of Management & Research for Women Smt. Hiraben Nanavati Institute of Management & Research for Women 14/09/2015 Donated Book- Outside Donar 40.00 658.5 AMB DB2212 HIMR-DB-2212 25/01/2023 40.00 25/01/2023 Donated Book DB2212
Withdrawn 2022-23       Smt. Hiraben Nanavati Institute of Management & Research for Women Smt. Hiraben Nanavati Institute of Management & Research for Women 14/09/2015 Donated Book- Outside Donar 40.00 658.5 AMB DB2213 HIMR-DB-2213 25/01/2023 40.00 25/01/2023 Donated Book DB2213
Withdrawn 2022-23       Smt. Hiraben Nanavati Institute of Management & Research for Women Smt. Hiraben Nanavati Institute of Management & Research for Women 14/09/2015 Donated Book- Outside Donar 40.00 658.5 AMB DB2214 HIMR-DB-2214 25/01/2023 40.00 25/01/2023 Donated Book DB2214
Withdrawn 2022-23       Smt. Hiraben Nanavati Institute of Management & Research for Women Smt. Hiraben Nanavati Institute of Management & Research for Women 14/09/2015 Donated Book- Outside Donar 40.00 658.5 AMB DB2215 HIMR-DB-2215 25/01/2023 40.00 25/01/2023 Donated Book DB2215